Countries of the World Containing "L" - HARD - Statistics

General Stats
  • This quiz has been taken 148 times
    93 since last reset
  • The average score is 55 of 62
Answer Stats
Answer % Correct
Laos
98%
Libya
98%
Finland
96%
Latvia
96%
Liechtenstein
96%
Lithuania
96%
Iceland
95%
Lesotho
95%
Liberia
95%
Luxembourg
95%
Netherlands
95%
Thailand
95%
Albania
93%
Australia
93%
Colombia
93%
Ireland
93%
Malaysia
93%
New Zealand
93%
Poland
93%
Portugal
93%
Belarus
91%
Mongolia
91%
Saint Lucia
91%
Slovakia
91%
Slovenia
91%
Brazil
89%
Chile
89%
Lebanon
89%
Mali
89%
Malta
89%
Nepal
89%
Philippines
89%
Algeria
87%
Belgium
87%
Democratic Republic of the Congo
87%
Guatemala
87%
Maldives
87%
Moldova
87%
Senegal
87%
Bangladesh
85%
Bolivia
85%
El Salvador
85%
Italy
85%
Malawi
85%
Marshall Islands
85%
Solomon Islands
85%
Sri Lanka
85%
Switzerland
85%
Tuvalu
85%
Angola
84%
Belize
84%
Sierra Leone
84%
Bulgaria
82%
Palau
82%
Republic of the Congo
82%
Somalia
82%
Venezuela
82%
Central African Republic
80%
Israel
80%
Seychelles
80%
Dominican Republic
75%
Equatorial Guinea
75%
No matching quizzes found
Score Distribution
Percent of People with Each Score
Percentile by Number Answered
Your Score History
You have not taken this quiz since the last reset